000 00530cam a22001814a 4500
005 20250605164243.0
008 250528s ||||||||||||||||||||||||d
035 _a21397
040 _aGR-AtMCL
_bgre
_dGR-AtMCL
_eAACR2
245 1 _aΑΣΚΗΣΕΙΣ ΜΑΚΡΟΟΙΚΟΝΟΜΙΚΗΣ ΘΕΩΡΙΑΣ ΚΑΙ ΠΟΛΙΤΙΚΗΣ ΜΕΡΟΣ 1
250 _a1
260 _bBookstore R.D.C.,
_c1999
300 _a223
700 1 _aΑπεργης Ε. Νικολαος
_97444
942 _cBK
999 _c6460
_d6460